| 000 | 01004nam a22002177a 4500 | ||
|---|---|---|---|
| 999 |
_c39365 _d39365 |
||
| 020 | _a9789383079292 | ||
| 041 | _aeng- | ||
| 082 |
_a305.80954164 _bTRA- |
||
| 245 |
_aTraditional Systems of the Jaintia Community : _bChange and Continuity / _cVivekananda Kendra Institute of Culture |
||
| 260 |
_aGuwahati: _bVivekananda Kendra Institute of Culture, _c2018. |
||
| 300 | _a176p. | ||
| 504 | _aIncludes bibliography and index. | ||
| 546 | _aEnglish | ||
| 650 |
_aJaintia (Indic people) _vSocial customs _xTraditional practices _zMeghalaya (India) |
||
| 650 |
_aIndigenous peoples _vRites and ceremonies _xCultural heritage _zMeghalaya (India) |
||
| 650 |
_aCultural change _vStudies _xContinuity and transformation _zMeghalaya (India) |
||
| 650 |
_aFolk traditions _vHistorical analysis _xSocial and cultural aspects _zMeghalaya (India) |
||
| 650 |
_aEthnology _vComparative studies _xJaintia community _zMeghalaya (India) |
||
| 700 |
_aVivekananda Kendra Institute of Culture _eContributor |
||
| 942 |
_2ddc _cBK |
||